000 00950nam a22002897a 4500
003 CHAP
005 20220329134347.0
008 971013s1976 r 00010 d
010 _a19334
011 _a20306
035 _a24394
040 _cCHAP
090 _aFolleto 9416
110 _aAmerican Library Association
_95258
245 _aReglas de catalogación angloamericanas
_b: monografías publicadas independientemente
260 _aMéxico, D.F., :
_bUniversidad Nacional Autónoma de México. Instituto de Investigaciones Bibliográficas,
_c1976
300 _a80 p
500 _aFotocopia
590 _aBATCH-UPD
_b10
_c20130110
_lUCH01
_h2047
590 _aBATCH-UPD
_b10
_c20130410
_lUCH01
_h1400
590 _aBATCH-UPD
_b10
_c20130914
_lUCH01
_h0900
590 _aCONVERSION
_b10
_c20130109
_lUCH01
_h1312
650 1 4 _aCatalogación.
_920484
901 _aBK
942 _cFOLL
949 _aFolleto 9416
_bBC
_cFOLL
_d-56234
_eB
_i24394
_si
999 _c19334
_d19334